Industrial Service Excellence in Manufacturing Companies: a Neo-configurational Perspective
Poskytovanie služieb ako často náročná úloha pre výrobné spoločnosti, kvôli ich základným schopnostiam vo výrobnom podnikaní. Dôležité aspekty pre poskytovanie vynikajúcich priemyselných služieb - vysoká kvalita služieb, konkurencieschopnosť služieb, hospodárska efektívnosť, flexibilita a zapojenie...
Salvato in:
| Autore principale: | |
|---|---|
| Altri autori: | , , , , |
| Natura: | Capitolo di libro |
| Lingua: | inglese |
| Soggetti: | |
| Tags: |
Nessun Tag, puoi essere il primo ad aggiungerne!!
|
MARC
| LEADER | 00000naa a2200000 4500 | ||
|---|---|---|---|
| 001 | 0261942 | ||
| 005 | 20200130113137.8 | ||
| 041 | 0 | |a eng | |
| 044 | |a SK | ||
| 245 | 1 | 0 | |a Industrial Service Excellence in Manufacturing Companies: a Neo-configurational Perspective |c Margarethe Überwimmer, Anna Biedersberger, Doris Ehrlinger, Stefan Mang, Christian Stadlmann, David Tempelmayr |
| 520 | |a Poskytovanie služieb ako často náročná úloha pre výrobné spoločnosti, kvôli ich základným schopnostiam vo výrobnom podnikaní. Dôležité aspekty pre poskytovanie vynikajúcich priemyselných služieb - vysoká kvalita služieb, konkurencieschopnosť služieb, hospodárska efektívnosť, flexibilita a zapojenie do interných služieb. | ||
| 610 | 2 | 0 | |a manufaktúry |
| 610 | 2 | 0 | |a služby |
| 610 | 2 | 0 | |a priemysel |
| 610 | 2 | 0 | |a konkurencieschopnosť |
| 610 | 2 | 0 | |a efektívnosť |
| 100 | 1 | |a Überwimmer, Margarethe | |
| 700 | 1 | |a Biedersberger, Anna | |
| 700 | 1 | |a Ehrlinger, Doris | |
| 700 | 1 | |a Mang, Stefan | |
| 700 | 1 | |a Stadlmann, Christian | |
| 700 | 1 | |a Tempelmayr, David | |